000 00656nam a2200217 a 4500
005 20240924064013.0
008 020122s1998 mx r 000 0 eng d
020 _a847898142X
035 _aUPN01000114867
049 _aCG
050 4 _aLB1028
_bC6.8 1998
100 1 _aColás Bravo, María Pilar
245 1 0 _aInvestigación educativa /
_cMa. Pilar Colás Bravo, Leonor Buendía Eisman.
250 _a3a ed.
260 _aSevilla, Esp. :
_bAlfar,
_c1998.
300 _a362 p.
440 0 _aCiencias de la educación ;
_v7.
_pDidáctica
650 4 _aEducación
_xInvestigación
_94070
700 1 _aBuendía Eisman, Leonor,
_ecoaut.
905 _aLibro
999 _c88615
_d88615